000 00377nam a22001577a 4500
003 OSt
008 250519b |||||||| |||| 00| 0 eng d
020 _a9789351461081
100 _aDVIWEDI, Dr. Kapildev
245 _aProdrachnakomadi
250 _a24th
260 _aVaranasi(U.P.)
_bVishavvidalaya Prakashan
_c2022
300 _a440
650 _aGeneral
942 _2ddc
_cBK
999 _c13587
_d13587